LEADER 01019nam--2200361---450- 001 990003109380203316 005 20110804150046.0 035 $a000310938 035 $aUSA01000310938 035 $a(ALEPH)000310938USA01 035 $a000310938 100 $a20080520d1965----km-y0itay50------ba 101 $afre 102 $aFR 105 $a||||||||001yy 200 1 $aJean Anouilh$eun auteur et ses personnages$eessai suivi d'un recueil de textes critiques de Jaen Anouilh$fPol Vandromme 210 $aParis$cTable ronde$dcopyr. 1965 215 $a249 p.$d20 cm 410 0$12001 454 1$12001 461 1$1001-------$12001 606 0 $aAnouilh, Jean$xSaggi 676 $a842.912 700 1$aVANDROMME,$bPol$0132535 801 0$aIT$bsalbc$gISBD 912 $a990003109380203316 951 $aII.4.B.275$b2575 DSLL 959 $aBK 969 $aDSLL 979 $aDSLL$b90$c20080520$lUSA01$h1437 979 $aDSLL$b90$c20110804$lUSA01$h1500 996 $aJean Anouilh$9183131 997 $aUNISA LEADER 00716nam0-2200253 --450 001 9910867600003321 005 20240708110940.0 100 $a20240708d1970----kmuy0itay5050 ba 101 0 $afre 102 $aFR 105 $a 001yy 200 1 $aMemento de l'O.I.V 210 $aParis$cOffice International de la vigne et du vin$d1970 215 $a1211 p.$d18 cm 610 0 $aVino$aLegislazione 676 $a353.8$v23$zita 710 02$aOrganizzazione internazionale della vigna e del vino$01743832 801 0$aIT$bUNINA$gREICAT$2UNIMARC 901 $aBK 912 $a9910867600003321 952 $aA MIC 2629$b9590/2024$fFAGBC 959 $aFAGBC 996 $aMemento de l'O.I.V$94172488 997 $aUNINA